000 00780nam a2200229 a 4500
001 000028829
003 DO-SdBNP
005 20250206104242.0
007 ta
008 110412s2011 dr c 000 0 spa d
040 _aDO-SdBNP
_bspa
_cBNPHU
049 _aBNPD
082 4 _bM357h
_222
100 1 _aMárquez, Carlos,
_b1953-
_958325
245 1 0 _aHacia la revolución tecnológica industrial :
_bideología, liberalísmo crisis mundial y nuevo liderazgo /
_cCarlos Márquez.
260 _aSanto Domingo :
_bLa Intrusa :
_bFundación Bienestar y Desarrollo Humano,
_c2011.
300 _a309 p. :
_bretr. ;
_c24 cm.
500 _aIncluye datos biográfico del autor en la solapas
504 _aBibliografía : p. 305-309
590 _aInventariado, 2023/BT
942 _2ddc
_cLBS1
999 _c28321
_d28321